00327nam a22001097a 4500008004100000020004100041020004300082020004100125041000800166080000800174245003500182150601b xxu||||| |||| 00| 0 eng d a0844211915 (hardbound : student ed.) a0844212873 (softbound : teacher's ed.) a0844211923 (softbound : student ed.)0 aeng a87510aLiterature of Greece and Rome.